|
|
|
|
| LEADER |
00796nam a2200229 i 4500 |
| 001 |
c000336131 |
| 003 |
CARM |
| 005 |
00000000000000.0 |
| 008 |
790731s1978 fr 00011 fre |
| 015 |
|
|
|a F***
|
| 019 |
1 |
|
|a 1549410
|5 LACONCORD2021
|
| 020 |
|
|
|a 2707302333 :
|c 33.00F
|
| 035 |
|
|
|a (OCoLC)5485936
|5 LACONCORD2021
|
| 050 |
0 |
0 |
|a PQ2635.O117
|b R44
|
| 100 |
1 |
|
|a Robbe-Grillet, Alain,
|d 1922-
|
| 245 |
1 |
3 |
|a Un régicide /
|c Alain Robbe-Grillet.
|
| 260 |
|
|
|a Paris :
|b Les Éditions de Minuit,
|c c1978.
|
| 300 |
|
|
|a 227 p. ;
|c 19 cm.
|
| 852 |
8 |
|
|b CARM
|h A1:AL26C0
|i B10148
|p 0450804
|f BK
|
| 082 |
0 |
4 |
|a 843/.9/14
|
| 999 |
f |
f |
|i 8dbc7066-0288-569d-9743-014fa61e0f6b
|s 59243139-8384-54bc-b7fb-a4ad9e8af86f
|
| 952 |
f |
f |
|p Can circulate
|a CAVAL
|b CAVAL
|c CAVAL
|d CARM 1 Store
|e B10148
|f A1:AL26C0
|h Other scheme
|i book
|m 0450804
|